[Event "Wch U08 Girls"]
[Site "Sharm El Sheikh"]
[Date "2023.10.20"]
[Round "5"]
[White "Tran, Hoang Bao An"]
[Black "Segodnyaeva, Alexandra"]
[Result "1-0"]
[WhiteElo "1464"]
[BlackElo "1150"]
[PlyCount "169"]
[EventDate "2023.10.16"]
[EventType "swiss"]
[EventRounds "11"]
[EventCountry "EGY"]
[SourceTitle "EXT 2025"]
[Source "ChessBase"]
[SourceDate "2024.10.14"]
[SourceVersion "1"]
[SourceVersionDate "2024.10.14"]
[SourceQuality "1"]

1. d4 d5 2. c4 e6 3. Nf3 Nf6 4. g3 c6 5. Bg2 dxc4 6. Ne5 Bb4+ 7. Bd2 Qxd4 8. Bxb4 Qxe5 9. Bc3 Qc7 10. Na3 Qd7 11. Qc2 Qe7 12. Nxc4 Nbd7 13. Rd1 0-0 14. 0-0 Nd5 15. Bd2 N7f6 16. e4 Nc7 17. Bf4 Nfe8 18. b3 f6 19. Bc1 c5 20. e5 fxe5 21. Rfe1 Nf6 22. Rxe5 Ng4 23. Re2 Nb5 24. Bb2 Rb8 25. h3 Nf6 26. Be5 Nd4 27. Rxd4 cxd4 28. Bxb8 Rd8 29. Qd3 b6 30. Be5 Ba6 31. Qd2 Rd7 32. Re1 Bxc4 33. bxc4 Kh8 34. Bxd4 Qd6 35. Rd1 e5 36. Be3 Qxd2 37. Rxd2 Rxd2 38. Bxd2 Kg8 39. Kf1 Kf7 40. Ke2 Ke6 41. Kd3 Nd7 42. Bd5+ Kf6 43. Be3 g6 44. Ke4 Ke7 45. Bg5+ Kd6 46. Bg8 h6 47. Bd8 Nc5+ 48. Ke3 Nb7 49. Bf6 Na5 50. Bg7 h5 51. Bf7 g5 52. Bf6 g4 53. h4 a6 54. Bxh5 Nxc4+ 55. Ke2 Ke6 56. Bd8 Kf5 57. Bf7 Nd6 58. Bd5 b5 59. Bc6 e4 60. Bd7+ Kg6 61. Bxg4 Nf7 62. Be7 Ne5 63. Be6 Nc6 64. Bd6 Nd4+ 65. Ke3 Nxe6 66. Kxe4 Ng7 67. g4 Ne8 68. Be5 b4 69. f4 a5 70. f5+ Kf7 71. Kd3 a4 72. Kc4 b3 73. axb3 axb3 74. Kxb3 Kg8 75. Kc4 Kf7 76. g5 Kg8 77. Kd5 Kf8 78. Ke6 Kg8 79. Ke7 Kh7 80. Kxe8 Kg8 81. f6 Kh7 82. f7 Kg6 83. f8Q Kh5 84. g6 Kxg6 85. Qf6+ 1-0

[Event "Wch U08 Girls"]
[Site "Sharm El Sheikh"]
[Date "2023.10.19"]
[Round "4"]
[White "Segodnyaeva, Alexandra"]
[Black "Valenzuela Reinoso, Safrys"]
[Result "1-0"]
[WhiteElo "1150"]
[BlackElo "1211"]
[PlyCount "45"]
[EventDate "2023.10.16"]
[EventType "swiss"]
[EventRounds "11"]
[EventCountry "EGY"]
[SourceTitle "EXT 2025"]
[Source "ChessBase"]
[SourceDate "2024.10.14"]
[SourceVersion "1"]
[SourceVersionDate "2024.10.14"]
[SourceQuality "1"]

1. c4 e6 2. Nc3 Nf6 3. e4 d5 4. e5 Nfd7 5. d4 c6 6. Nf3 Bb4 7. Be2 dxc4 8. Bxc4 Nb6 9. Bb3 Nd5 10. Bd2 Nd7 11. a3 Ba5 12. Ne4 Bxd2+ 13. Qxd2 0-0 14. Bc2 h6 15. Nd6 f5 16. g3 c5 17. Rc1 Qb6 18. Bb1 cxd4 19. Nc4 Qd8 20. Nxd4 N7b6 21. Nd6 f4 22. Qd3 Qe7 23. Qh7# 1-0